000 00407nam a2200157Ia 4500
003 GCL
008 140319s9999 xx 000 0 eng d
040 _aGCL /
_cGCL
082 0 4 _a004.019
_bS C
100 1 _aSTERN, NANCY
245 1 0 _aCOMPUTING /
_cSTERN, NANCY
700 1 _aSTERN, ROBERT A
260 _a[S.N] :
_bJOHN WILEY AND SONS. INC ،
_c1990
650 0 4 _aEND - USER COMPUTING
942 _2ddc
_cBK
999 _c25041
_d25041